000 00478nam a2200181Ia 4500
005 20250326125834.0
008 250326s9999 xx 000 0 und d
037 _aTextbook
040 _aFMSL
_beng
_cFMSL
041 _aeng
_2eng
084 _aY N8
_qFMSL
100 _aMitchell G D
_9739792
245 0 _aDictionary of sociology
_cMitchell G D
260 _aLondon
_bLondon, R & K Paul
_c1968
300 _a224p
942 _cTB
_hY N8
999 _c1279811
_d1279811